[Event "Lombardia-ch"]
[Site "Monza"]
[Date "2005.05.15"]
[Round "2"]
[White "Bettini, Massimo"]
[Black "Milan, Paolo"]
[Result "0-1"]
[WhiteElo "1896"]
[BlackElo "1883"]
[PlyCount "101"]
[EventDate "2005.05.14"]
[EventType "swiss"]
[EventRounds "6"]
[EventCountry "ITA"]
[SourceTitle "EXT 2007"]
[Source "ChessBase"]
[SourceDate "2006.11.23"]
[SourceVersion "1"]
[SourceVersionDate "2006.11.23"]
[SourceQuality "1"]

1. e4 c5 2. d4 cxd4 3. c3 Nf6 4. e5 Nd5 5. cxd4 e6 6. Nf3 Nc6 7. Bd3 d6 8. 0-0 dxe5 9. Nxe5 Nxe5 10. dxe5 g6 11. Qe2 Bg7 12. Rd1 0-0 13. Nd2 Nf4 14. Qe3 Qxd3 15. Qxf4 b6 16. Re1 Bb7 17. Re3 Qd7 18. Rh3 Qd5 19. Qf3 Qxf3 20. Nxf3 Bxf3 21. Rxf3 Bxe5 22. Rb1 Rfd8 23. Bg5 Rd5 24. h4 Rc8 25. b3 Rc2 26. a4 Kg7 27. Re1 f6 28. Be3 Rc3 29. b4 Rc4 30. a5 Rxb4 31. axb6 axb6 32. g3 b5 33. Rc1 Rc4 34. Rb1 Rc3 35. Kg2 Bd6 36. Bh6+ Kxh6 37. Rxc3 b4 38. Rc6 g5 39. hxg5+ Kxg5 40. Rb6 Rd4 41. Ra1 e5 42. Raa6 Bc5 43. Rxf6 b3 44. Rf7 b2 45. Rg7+ Kf5 46. Rb7 Rb4 47. Rf7+ Ke4 48. f3+ Ke3 49. Re6 Bd4 50. f4 b1Q 51. f5 0-1

[Event "Lombardia-ch"]
[Site "Monza"]
[Date "2005.05.15"]
[Round "3"]
[White "Milan, Paolo"]
[Black "Fiorili, Roberto"]
[Result "0-1"]
[WhiteElo "1883"]
[BlackElo "1742"]
[PlyCount "87"]
[EventDate "2005.05.14"]
[EventType "swiss"]
[EventRounds "6"]
[EventCountry "ITA"]
[SourceTitle "EXT 2007"]
[Source "ChessBase"]
[SourceDate "2006.11.23"]
[SourceVersion "1"]
[SourceVersionDate "2006.11.23"]
[SourceQuality "1"]

1. d4 d5 2. Nf3 Nf6 3. e3 Bg4 4. Be2 e6 5. Nbd2 c5 6. h3 Bh5 7. 0-0 Nc6 8. c3 cxd4 9. exd4 Bd6 10. Ng5 Bg6 11. Ngf3 0-0 12. Nh4 Ne7 13. Nxg6 Nxg6 14. Nf3 Nd7 15. Bd3 f6 16. Bxg6 hxg6 17. Qd3 g5 18. g4 Rc8 19. h4 gxh4 20. Nxh4 Re8 21. f4 Nf8 22. Kg2 e5 23. Bd2 e4 24. Qh3 Kf7 25. g5 Ne6 26. g6+ Ke7 27. Nf5+ Kd7 28. Nxg7 Re7 29. Nxe6 Rxe6 30. f5 Re7 31. Rh1 Kc6 32. Qh6 Qd7 33. Raf1 Rg8 34. Qh4 e3 35. Be1 Rf8 36. Rf3 Re4 37. Qh3 Rfe8 38. Bg3 Bxg3 39. Qxg3 e2 40. Qe1 Rg4+ 41. Kf2 Qd6 42. b3 Ree4 43. b4 Rgf4 44. Qd2 0-1

[Event "Lombardia-ch"]
[Site "Monza"]
[Date "2005.05.14"]
[Round "1"]
[White "Milan, Paolo"]
[Black "Kokosar, Oliviero"]
[Result "1/2-1/2"]
[WhiteElo "1883"]
[BlackElo "1499"]
[PlyCount "108"]
[EventDate "2005.05.14"]
[EventType "swiss"]
[EventRounds "6"]
[EventCountry "ITA"]
[SourceTitle "EXT 2007"]
[Source "ChessBase"]
[SourceDate "2006.11.23"]
[SourceVersion "1"]
[SourceVersionDate "2006.11.23"]
[SourceQuality "1"]

1. d4 d5 2. Nf3 Nf6 3. e3 e6 4. Bd3 Nbd7 5. Nbd2 c5 6. c3 c4 7. Bc2 Bd6 8. 0-0 0-0 9. Qe2 b5 10. e4 dxe4 11. Nxe4 Be7 12. Bg5 Bb7 13. Bxf6 Nxf6 14. Rad1 Bd5 15. Ne5 Qc7 16. f4 Qb7 17. Nxf6+ Bxf6 18. f5 a5 19. Qh5 Bxe5 20. f6 Be4 21. Bxe4 Qxe4 22. Qxe5 Qxe5 23. dxe5 Rfd8 24. g4 h6 25. h4 g6 26. Kf2 Kf8 27. Ke3 Ke8 28. b3 cxb3 29. axb3 Rd7 30. Rxd7 Kxd7 31. Rd1+ Kc7 32. c4 bxc4 33. Rc1 Kb6 34. Rxc4 Rd8 35. Ke4 Rd7 36. Rc8 Kb5 37. Rh8 Kb4 38. Rxh6 Kxb3 39. h5 gxh5 40. Rxh5 a4 41. Rh3+ Kb2 42. g5 a3 43. Rh2+ Kb1 44. Rh1+ Kc2 45. Rh2+ Kc3 46. Rh3+ Kb4 47. g6 fxg6 48. Kf4 a2 49. Rh1 Kb3 50. Kg5 Kc2 51. Kxg6 Rd1 52. Rxd1 Kxd1 53. f7 a1Q 54. f8Q Qa2 1/2-1/2

[Event "Milan Crespi op 25th"]
[Site "Milan"]
[Date "2004.12.05"]
[Round "2"]
[White "Milan, Paolo"]
[Black "Petrini, Roberto"]
[Result "0-1"]
[WhiteElo "1928"]
[BlackElo "2074"]
[PlyCount "54"]
[EventDate "2004.12.04"]
[EventType "swiss"]
[EventRounds "9"]
[EventCountry "ITA"]
[SourceTitle "EXT 2007"]
[Source "ChessBase"]
[SourceDate "2006.11.23"]
[SourceVersion "1"]
[SourceVersionDate "2006.11.23"]
[SourceQuality "1"]

1. d4 Nf6 2. Nf3 g6 3. g3 Bg7 4. Bg2 0-0 5. 0-0 d6 6. Re1 Nbd7 7. b3 e5 8. e3 e4 9. Ng5 Qe7 10. c4 h6 11. Nh3 c6 12. Nc3 Re8 13. Bb2 Nf8 14. Rc1 Bg4 15. Qc2 N8h7 16. b4 Rac8 17. a4 Qd7 18. Nf4 Ng5 19. h3 Nxh3+ 20. Nxh3 Bxh3 21. Nxe4 Nxe4 22. Bxe4 d5 23. Bd3 Bg4 24. cxd5 cxd5 25. Qb3 Bf3 26. Kh2 Qg4 27. Rxc8 Qh5+ 0-1

[Event "Lugano op"]
[Site "Lugano"]
[Date "2004.11.01"]
[Round "6"]
[White "Sorgenfrei, Jens"]
[Black "Milan, Paolo"]
[Result "1-0"]
[WhiteElo "1628"]
[BlackElo "1928"]
[PlyCount "65"]
[EventDate "2004.10.30"]
[EventType "swiss"]
[EventRounds "6"]
[EventCountry "SUI"]
[SourceTitle "EXT 2007"]
[Source "ChessBase"]
[SourceDate "2006.11.23"]
[SourceVersion "1"]
[SourceVersionDate "2006.11.23"]
[SourceQuality "1"]

1. e4 c5 2. d4 cxd4 3. c3 dxc3 4. Nxc3 e6 5. Nf3 b6 6. Bd3 Nc6 7. 0-0 Be7 8. Bf4 d6 9. Rc1 Bb7 10. Qe2 e5 11. Bg3 Nf6 12. Bh4 0-0 13. Bxf6 Bxf6 14. Nd5 Ne7 15. Nxf6+ gxf6 16. Nh4 Ng6 17. Nf5 Kh8 18. g3 Rg8 19. Nh6 Kg7 20. Nxg8 Kxg8 21. h4 d5 22. h5 Ne7 23. Qg4+ Kh8 24. h6 Ng6 25. Rc2 Qd6 26. Rfc1 Rg8 27. Rc7 Ne7 28. Qd7 Qxd7 29. Rxd7 dxe4 30. Be2 e3 31. Rxe7 exf2+ 32. Kxf2 Bd5 33. Bc4 1-0

[Event "Lugano op"]
[Site "Lugano"]
[Date "2004.10.30"]
[Round "2"]
[White "Graells, Ricardo"]
[Black "Milan, Paolo"]
[Result "1-0"]
[WhiteElo "2129"]
[BlackElo "1928"]
[PlyCount "95"]
[EventDate "2004.10.30"]
[EventType "swiss"]
[EventRounds "6"]
[EventCountry "SUI"]
[SourceTitle "EXT 2007"]
[Source "ChessBase"]
[SourceDate "2006.11.23"]
[SourceVersion "1"]
[SourceVersionDate "2006.11.23"]
[SourceQuality "1"]

1. d4 Nf6 2. c4 g6 3. Nc3 d5 4. cxd5 Nxd5 5. e4 Nxc3 6. bxc3 Bg7 7. Bc4 0-0 8. Ne2 Bg4 9. f3 Bd7 10. 0-0 b5 11. Bd3 c6 12. Be3 Qc7 13. Qd2 Rd8 14. a4 a5 15. axb5 cxb5 16. Rfb1 a4 17. Bxb5 Bxb5 18. Rxb5 e5 19. d5 Qd7 20. Qb2 a3 21. Qb3 Bf8 22. c4 Na6 23. c5 Nxc5 24. Bxc5 Bxc5+ 25. Rxc5 Qa7 26. Qe3 a2 27. Rc3 Qxe3+ 28. Rxe3 Rdb8 29. Nc3 Rb3 30. Kf2 Raa3 31. Rxa2 Rxa2+ 32. Nxa2 Rb6 33. Re2 Kf8 34. Rd2 Ke8 35. Nc1 Kd7 36. Nd3 Kd6 37. Rb2 Ra6 38. g3 f5 39. Rb7 Ra2+ 40. Ke3 Rxh2 41. Rb6+ Kc7 42. Rc6+ Kd8 43. Nxe5 fxe4 44. fxe4 Rh5 45. Kf4 Rh1 46. d6 Rf1+ 47. Kg5 Re1 48. d7 1-0

[Event "Corsico op 31st"]
[Site "Corsico"]
[Date "2004.10.10"]
[Round "6"]
[White "Milan, Paolo"]
[Black "Bisignano, Giuseppe"]
[Result "0-1"]
[WhiteElo "1928"]
[BlackElo "1965"]
[PlyCount "88"]
[EventDate "2004.10.02"]
[EventType "swiss"]
[EventRounds "6"]
[EventCountry "ITA"]
[SourceTitle "EXT 2009"]
[Source "ChessBase"]
[SourceDate "2008.11.26"]
[SourceVersion "1"]
[SourceVersionDate "2008.11.26"]
[SourceQuality "1"]

1. e4 e5 2. Nf3 Nc6 3. Bb5 a6 4. Ba4 Bc5 5. c3 b5 6. Bc2 Ba7 7. 0-0 Nge7 8. d4 Ng6 9. dxe5 Ncxe5 10. Nxe5 Nxe5 11. Bf4 Qf6 12. Bxe5 Qxe5 13. Qd5 Qxd5 14. exd5 0-0 15. a4 Bb7 16. Na3 Rfe8 17. Rad1 Re2 18. b4 c6 19. axb5 axb5 20. dxc6 Bxc6 21. Ra1 Bb6 22. Bd3 Rd2 23. Bxb5 Bxb5 24. Nxb5 Bxf2+ 25. Kh1 Rxa1 26. Rxa1 Kf8 27. Na3 Rd3 28. c4 Bd4 29. Rb1 Rxa3 30. b5 Ra1 31. Rxa1 Bxa1 32. g4 Ke7 33. Kg2 Bd4 34. Kf3 Kd6 35. Ke4 Kc5 36. b6 Kxc4 37. b7 Ba7 38. h4 d5+ 39. Kf5 d4 40. g5 d3 41. h5 d2 42. g6 fxg6+ 43. hxg6 d1Q 44. gxh7 Qd5+ 0-1

[Event "Bresso op 4th"]
[Site "Bresso"]
[Date "2004.06.10"]
[Round "1"]
[White "Milan, Paolo"]
[Black "Aglietti, Graziano"]
[Result "1-0"]
[WhiteElo "1811"]
[BlackElo "2084"]
[PlyCount "101"]
[EventDate "2004.06.10"]
[EventType "swiss"]
[EventRounds "6"]
[EventCountry "ITA"]
[SourceTitle "EXT 2007"]
[Source "ChessBase"]
[SourceDate "2006.11.23"]
[SourceVersion "1"]
[SourceVersionDate "2006.11.23"]
[SourceQuality "1"]

1. e4 e6 2. d4 d5 3. Nc3 Bb4 4. exd5 exd5 5. Bd3 Ne7 6. Nge2 0-0 7. Ng3 c5 8. dxc5 d4 9. a3 Ba5 10. b4 dxc3 11. bxa5 Qxa5 12. 0-0 Nbc6 13. Qh5 g6 14. Qh6 Qxc5 15. Ne4 Qe5 16. Bg5 Nf5 17. Nf6+ Qxf6 18. Qxf8+ Kxf8 19. Bxf6 Nfd4 20. Rab1 Rb8 21. Be4 Bf5 22. Bxc6 Nxc6 23. Bxc3 Bxc2 24. Rb2 Ba4 25. Rfb1 b6 26. Rc1 Re8 27. Bb4+ Kg7 28. Rd2 Nxb4 29. axb4 Re4 30. Rb2 Bb5 31. f3 Rd4 32. Rc7 a6 33. Rb7 Rd6 34. Rc2 Ba4 35. Rc8 h5 36. Rcb8 b5 37. Rb6 Rd4 38. Rxa6 Rxb4 39. Raa8 h4 40. Rg8+ Kf6 41. g4 Kg5 42. Ra7 Rb1+ 43. Kf2 Bb3 44. Rb8 Bc4 45. Rc7 Rb2+ 46. Ke3 Rxh2 47. Rc5+ Kf6 48. Kf4 g5+ 49. Rxg5 Rh1 50. Rb6+ Ke7 51. Re5+ 1-0